| 000 | 00529nam a22001937a 4500 | ||
|---|---|---|---|
| 003 | PILC | ||
| 005 | 20151021103945.0 | ||
| 008 | 130920t xxu||||| |||| 00| 0 eng d | ||
| 020 | _a9781850782100 | ||
| 050 |
_aBS 535 _b.G786j6 1995 |
||
| 082 |
_aGS 220.9 _b G79 1995 |
||
| 245 | _aThe judges of Israel / | ||
| 260 |
_aSingapore : _bOM Publishing, _c1995. |
||
| 300 |
_a48 p. : _bcol. ; _c28 cm. |
||
| 440 |
_aThe great bible discovery _n#6 _921171 |
||
| 650 |
_aBible Stories _910553 |
||
| 942 |
_2lcc _cBK |
||
| 999 |
_c11834 _d11834 |
||